<?xml version="1.0" encoding="UTF-8"?>
<record
    xmlns:xsi="http://www.w3.org/2001/XMLSchema-instance"
    xsi:schemaLocation="http://www.loc.gov/MARC21/slim http://www.loc.gov/standards/marcxml/schema/MARC21slim.xsd"
    xmlns="http://www.loc.gov/MARC21/slim">

  <leader>02359nam a2200277 a 4500</leader>
  <controlfield tag="001">000087392</controlfield>
  <controlfield tag="005">20200120224952.0</controlfield>
  <controlfield tag="008">190826s2018    ck     gr|||| 000 c spa d</controlfield>
  <datafield tag="020" ind1=" " ind2=" ">
    <subfield code="a">9789588969794</subfield>
  </datafield>
  <datafield tag="041" ind1=" " ind2=" ">
    <subfield code="a">spa</subfield>
  </datafield>
  <datafield tag="043" ind1=" " ind2=" ">
    <subfield code="a">s-ck---</subfield>
  </datafield>
  <datafield tag="090" ind1=" " ind2=" ">
    <subfield code="a">AH</subfield>
    <subfield code="b">VOL PNL</subfield>
  </datafield>
  <datafield tag="245" ind1="1" ind2="0">
    <subfield code="a">El volc&#xE1;n :</subfield>
    <subfield code="b">un presente de la historieta latinoamericana /</subfield>
    <subfield code="c">selecci&#xF3;n, edici&#xF3;n y pr&#xF3;logo, Jos&#xE9; Sainz y Alejandro Bidegaray.</subfield>
  </datafield>
  <datafield tag="250" ind1=" " ind2=" ">
    <subfield code="a">1a. ed.</subfield>
  </datafield>
  <datafield tag="260" ind1=" " ind2=" ">
    <subfield code="a">Bogot&#xE1; :</subfield>
    <subfield code="b">Rey Naranjo,</subfield>
    <subfield code="c">2018.</subfield>
  </datafield>
  <datafield tag="300" ind1=" " ind2=" ">
    <subfield code="a">280 p&#xE1;ginas.</subfield>
  </datafield>
  <datafield tag="490" ind1=" " ind2="0">
    <subfield code="a">Plan Nacional de Lectura y Escritura Leer es mi Cuento / Ministerio de Cultura</subfield>
  </datafield>
  <datafield tag="500" ind1=" " ind2=" ">
    <subfield code="a">El bully de Wlmart / Abraham D&#xED;az -- Animal herido / Mariana Gil R&#xED;os -- Groser&#xED;a / Pachicl&#xF3;n -- GROAR / La Watson -- Diarios de viaje / Maliki -- Ni de aqu&#xED; ni de all&#xE1; / Amanda Baeza -- Ensayo para una historia / Joni B -- Miedosa / Catalina Bu -- Ascensor al infierno / Diego Par&#xE9;s</subfield>
  </datafield>
  <datafield tag="520" ind1="3" ind2=" ">
    <subfield code="a">"El volc&#xE1;n es una antolog&#xED;a de historieta latinoamericana que contiene historietas autoconclusivas de 42 historietistas. En los &#xFA;ltimos a&#xF1;os, a partir de toda una serie de nuevos festivales, colectivos de autores, librer&#xED;as, editoriales, revistas y medios de difusi&#xF3;n especializados, la historieta latinoamericana empez&#xF3; a generar un nuevo conjunto de reflexiones sobre temas, lenguajes, tradiciones, influencias y recursos y fue definiendo una nueva identidad. Los productos de esta conformaci&#xF3;n est&#xE1;n hoy a la vista: la escena latinoamericana se percibe como un movimiento que crece y avanza. Los artistas presentan, adem&#xE1;s de una renovada y potente fuerza creativa, un s&#xF3;lido inter&#xE9;s por el desarrollo de sus estilos personales. En ese sentido, El volc&#xE1;n propone un recorrido por algunas de las principales y m&#xE1;s singulares voces de la historieta actual de Argentina, Bolivia, Brasil, Chile, Colombia, Costa Rica, Cuba, M&#xE9;xico, Paraguay, Per&#xFA;, Uruguay y Venezuela. La selecci&#xF3;n intenta representar el enorme magma de tendencias que se entremezclan, expanden y entran, finalmente, en erupci&#xF3;n."</subfield>
  </datafield>
  <datafield tag="650" ind1="1" ind2="4">
    <subfield code="a">Literatura colombiana</subfield>
  </datafield>
  <datafield tag="650" ind1="2" ind2="4">
    <subfield code="a">Tiras c&#xF3;micas, historietas, etc.</subfield>
    <subfield code="x">Am&#xE9;rica Latina</subfield>
    <subfield code="y">Siglo XXI</subfield>
  </datafield>
  <datafield tag="650" ind1="2" ind2="4">
    <subfield code="a">Humorismo gr&#xE1;fico latinoamericano</subfield>
    <subfield code="y">Siglo XXI</subfield>
  </datafield>
  <datafield tag="650" ind1="2" ind2="4">
    <subfield code="a">Caricaturas</subfield>
    <subfield code="y">Siglo XXI</subfield>
    <subfield code="z">Am&#xE9;rica Latina</subfield>
  </datafield>
  <datafield tag="700" ind1="1" ind2=" ">
    <subfield code="a">Sainz, Jos&#xE9;,</subfield>
    <subfield code="e">editor</subfield>
  </datafield>
  <datafield tag="700" ind1="1" ind2=" ">
    <subfield code="a">Bidegaray, Alejandro,</subfield>
    <subfield code="e">editor</subfield>
  </datafield>
  <datafield tag="999" ind1=" " ind2=" ">
    <subfield code="c">11974</subfield>
    <subfield code="d">11974</subfield>
  </datafield>
  <datafield tag="952" ind1=" " ind2=" ">
    <subfield code="0">0</subfield>
    <subfield code="1">0</subfield>
    <subfield code="2">ddc</subfield>
    <subfield code="4">0</subfield>
    <subfield code="7">0</subfield>
    <subfield code="8">LA</subfield>
    <subfield code="a">BPMOS</subfield>
    <subfield code="b">BPMOS</subfield>
    <subfield code="d">2020-01-20</subfield>
    <subfield code="i">NT</subfield>
    <subfield code="l">4</subfield>
    <subfield code="o">AH VOL PNL</subfield>
    <subfield code="p">MOS019965</subfield>
    <subfield code="r">2024-10-07</subfield>
    <subfield code="s">2024-09-18</subfield>
    <subfield code="t">ej.1</subfield>
    <subfield code="w">2020-01-20</subfield>
    <subfield code="y">BKLIT</subfield>
    <subfield code="z">Quince d&#xED;as</subfield>
  </datafield>
</record>
